000 00956nam a2200289 a 4500
003 CHAP
005 20220329143657.0
008 110105s2006 mx 10010 spa d
010 _a100194
011 _a101166
020 _a9680202593
035 _a111853
040 _cCHAP
090 _aCD-322
111 2 _aCongreso Nacional Agronómico (
_n9
_d: 2006
_c: Chapingo, Méx.)
_926888
245 1 0 _aMemoria de resumenes del noveno Congreso Nacional Agronómico [Disco compacto] 26 y 27 de abril de 2006
260 _aChapingo, Méx. :
_bUACH,
_c2006
300 _a1 disco compacto ;
_c4 3/4 plgs.
590 _aBATCH-UPD
_b10
_c20130110
_lUCH01
_h1010
590 _aBATCH-UPD
_b10
_c20130410
_lUCH01
_h0618
590 _aBATCH-UPD
_b10
_c20130913
_lUCH01
_h2036
590 _aCONVERSION
_b10
_c20130109
_lUCH01
_h1355
650 0 4 _aAgricultura
_xCongresos.
_91373
901 _aBK
942 _cCD
949 _aCD-322
_bBC
_cCD
_d33724002220835
_eCD
_i111853
_sb
999 _c100194
_d100194